A survey of the minority languages of Zimbabwe (Record no. 58142)
[ view plain ]
| 000 -LEADER | |
|---|---|
| fixed length control field | 00594nam a2200217Ia 4500 |
| 003 - CONTROL NUMBER IDENTIFIER | |
| control field | 0100 |
| 005 - DATE AND TIME OF LATEST TRANSACTION | |
| control field | 20161201115410.0 |
| 008 - FIXED-LENGTH DATA ELEMENTS--GENERAL INFORMATION | |
| fixed length control field | 130303s9999 xx 000 0 und d |
| 020 ## - INTERNATIONAL STANDARD BOOK NUMBER | |
| International Standard Book Number | 0908307667 |
| 040 ## - CATALOGING SOURCE | |
| Transcribing agency | ARRUPELIB |
| 050 ## - LIBRARY OF CONGRESS CALL NUMBER | |
| Classification number | PL8021.Z56H33 1998 |
| 300 ## - PHYSICAL DESCRIPTION | |
| Other physical details | 21cm |
| 100 ## - MAIN ENTRY--PERSONAL NAME | |
| Personal name | Hachipola, Simooya Jerome |
| 9 (RLIN) | 27800 |
| 245 #2 - TITLE STATEMENT | |
| Title | A survey of the minority languages of Zimbabwe |
| 260 ## - PUBLICATION, DISTRIBUTION, ETC. (IMPRINT) | |
| Place of publication, distribution, etc | Harare |
| 260 ## - PUBLICATION, DISTRIBUTION, ETC. (IMPRINT) | |
| Name of publisher, distributor, etc | University of Zimbabwe Publications |
| 300 ## - PHYSICAL DESCRIPTION | |
| Extent | 126p. |
| 650 ## - SUBJECT ADDED ENTRY--TOPICAL TERM | |
| Topical term following geographic name as entry element | Language surveys |
| Geographic subdivision | Zimbabwe |
| 9 (RLIN) | 27801 |
| 650 ## - SUBJECT ADDED ENTRY--TOPICAL TERM | |
| Topical term following geographic name as entry element | Zimbabwe |
| General subdivision | Languages |
| 9 (RLIN) | 27802 |
| 942 ## - ADDED ENTRY ELEMENTS (KOHA) | |
| Source of classification or shelving scheme | Library of Congress Classification |
| Koha item type | SPC |
| Withdrawn status | Lost status | Source of classification or shelving scheme | Damaged status | Not for loan | Collection code | Home library | Current library | Date acquired | Total Checkouts | Full call number | Barcode | Date last seen | Copy number | Price effective from | Koha item type | Shelving location |
|---|---|---|---|---|---|---|---|---|---|---|---|---|---|---|---|---|
| Library of Congress Classification | Main Collection | ARRUPE LIBRARY | ARRUPE LIBRARY | 05/03/2013 | PL8021.Z56 H33 1998 | 46003075901 | 29/03/2019 | 1 | 05/03/2013 | Monograph ( Printed materials) | ||||||
| Library of Congress Classification | SPECIAL Collection | ARRUPE LIBRARY | ARRUPE LIBRARY | 01/12/2016 | SPC PL8021.Z56 H33 1998 | 46500020917 | 01/12/2016 | 2 | 01/12/2016 | SPC | Reference |